|
|
|
|
| LEADER |
00000cam a2200000 7i4500 |
| 001 |
0000008424 |
| 005 |
20061213.0 |
| 020 |
|
|
|a 0070349231
|
| 040 |
|
|
|a INS
|
| 090 |
0 |
0 |
|a HD58.82
|b K57 1997
|
| 100 |
1 |
|
|a Kirk, James J.
|
| 245 |
1 |
0 |
|a Training games for the learning organization
|c by James J. Kirk
|
| 260 |
|
|
|a New York :
|b McGraw-Hill ,
|c c1997
|
| 300 |
|
|
|a 299p. ;
|c 30cm.
|
| 650 |
0 |
0 |
|a Employees
|x Training of
|x Handbooks, manuals, etc
|
| 650 |
0 |
0 |
|a Executives
|x Training of
|x Handbooks, manuals, etc
|
| 650 |
0 |
0 |
|a Management games
|x Handbooks, manuals, etc
|
| 650 |
0 |
0 |
|a Organizational learning
|
| 700 |
1 |
|
|a Kirk, Lynne D.
|
| 999 |
|
|
|a 0000007993
|b BOOK
|c Reference
|e Default branch
|